LDR 01173naa#a2200301#i#450# 001 EN\\bibl\119684 005 20260630051350.2 011 ## _a2077-7566 100 ## _a20260629b2026####ek#y0engy0150####ca 101 0# _aRUS 102 ## _aRU 200 1# _aEVALUATION OF THE EFFECTIVENESS OF CORRECTION OF FACIAL ASYMMETRY IN CHILDREN WITH UNILATERAL CROSSBITE USING THE “GOLDEN RATIO MASK” DIAGNOSTIC METHOD _eJournal article 210 1# _aEkaterinburg _cTIRAZH Publishing House _d2026 215 ## _a8 с. 608 ## _aJournal article _2local 675 ## _aОртодонтия. Челюстно-лицевая ортопедия. Исправление положения зубов. 616.314-089.23 _zRUS 686 ## _aКлиническая медицина. 76.29 _2grnti 700 #1 _aKhelashvili _gElizaveta Z. 700 #1 _aShishmareva _gAnastasiya Sergeevna 700 #1 _aZarembo _gYulia S. 700 #1 _aBimbas _gEvgeniya S. 700 #1 _aOzhgihina _gNatalia V. 700 #1 _aBrusnitsyna _gElena V. 700 #1 _aPlotnikov _gAleksandr S. 700 #1 _aMatveeva _gTatiana V. 700 #1 _aNagiev _gAnar M. 700 #1 _aGyulverdieva _gSabrina Mansurovna 856 4# _adental-press.ru _u